Proceso histórico económico de la primitiva población peninsular / J. Maluquer de Motes
Descripción Física:
87 p. : amb map. ; 25 cm
Colección:
Publicaciones eventuales ; 20
MARC
| LEADER | 00000nam a2200000Ia 4500 | ||
|---|---|---|---|
| 001 | 8906 | ||
| 008 | 160829s1972 xx 000 0 cat d | ||
| 080 | |a H-1-81 | ||
| 100 | 1 | |a Maluquer de Motes, Joan, |d 1915-1988 |9 30020 | |
| 245 | |a Proceso histórico económico de la primitiva población peninsular / J. Maluquer de Motes | ||
| 260 | |a Barcelona : |b Universidad de Barcelona. Instituto de Arqueología y Prehistoria, |c 1972 | ||
| 300 | |a 87 p. : |b amb map. ; |c 25 cm | ||
| 490 | |a Publicaciones eventuales ; 20 | ||
| 650 | |a Prehistòria |x Península Ibèrica |9 31675 | ||
| 650 | |a Península Ibèrica |x Història |9 46711 | ||
| 650 | |a Història antiga |x Aspectes econòmics |9 31677 | ||
| 710 | 2 | |a Universitat de Barcelona. |b Institut d'Arqueologia i Prehistòria |9 52757 | |
| 901 | |a Arxiu | ||
| 942 | |n 1 | ||
| 952 | |0 0 |1 0 |4 0 |6 H181 |7 1 |9 45722 |a Arxiu |b Arxiu |d 2016-12-01 |l 0 |o H-1-81 |p 8906 |r 2016-12-01 00:00:00 |w 2016-12-01 |y ARXIU | ||
| 999 | |c 49222 |d 49222 | ||